Rezné materiály pre rýchlostné, tvrdé a suché obrábanie

Gespeichert in:
Bibliographische Detailangaben
1. Verfasser: Baránek, Ivan, 1947- (Verfasst von)
Format: Buch
Sprache:Slowakisch
Veröffentlicht: Trenčín : Trenčianska univerzita Alexandra Dubčeka v Trenčíne, 2004
Ausgabe:1. vyd
Schlagworte:
Online-Zugang:OBSAH
Tags: Tag hinzufügen
Keine Tags, Fügen Sie das erste Tag hinzu!

MARC

LEADER 00000nam a22000003a 4500
001 stu94223
005 20220321183521.8
008 050603s2004----xo------------------slo-d
020 |a 80-8075-013-0 
040 |a STU  |b slo 
041 0 |a slo 
044 |a xo 
080 |a 621.9  |7 stu_us_auth*stu8061 
100 1 |a Baránek, Ivan,  |d 1947-  |4 aut  |u M3000  |U MTF Materiálovotechnologická fakulta  |T MTF Ústav výrobných technológií  |X 3578  |U M3000  |Y 83  |7 A000003578 
245 1 |a Rezné materiály pre rýchlostné, tvrdé a suché obrábanie 
250 |a 1. vyd 
260 |a Trenčín :  |b Trenčianska univerzita Alexandra Dubčeka v Trenčíne,  |c 2004 
300 |a 112 s 
650 7 |a obrábanie  |2 stusub 
650 7 |a reznosť materiálov  |2 stusub 
856 4 |a https://sweb.mtf.stuba.sk/obsahy/rezne_materialy_pre_rychlostne_tvrde_a_suche_obrabanie_04.pdf  |u https://sweb.mtf.stuba.sk/obsahy/rezne_materialy_pre_rychlostne_tvrde_a_suche_obrabanie_04.pdf  |3 OBSAH 
996 |b 284M063447  |c M*11670-7  |l MMKN  |s A  |a 24  |w stu94223_0001 
996 |b 284M063448  |c M*11670-8  |l MMKN  |s A  |a 24  |w stu94223_0002 
996 |b 284M063449  |c M*11670-9  |l MMKN  |s A  |a 24  |w stu94223_0003 
996 |b 284M063450  |c M*11670-10  |l MMKN  |s A  |a 24  |w stu94223_0004 
996 |b 284M063451  |c M*11670-11  |l MMKN  |s A  |a 24  |w stu94223_0005 
996 |b 284M063452  |c M*11670-12  |l MMKN  |s A  |a 24  |w stu94223_0006 
996 |b 284M063453  |c M*11670-13  |l MMKN  |s A  |a 24  |w stu94223_0007 
996 |b 284M063454  |c M*11670-14  |l MMKN  |s A  |a 24  |w stu94223_0008 
996 |b 284M063455  |c M*11670-15  |l MMKN  |s A  |a 24  |w stu94223_0009 
996 |b 284M063456  |c M*11670-16  |l MMKN  |s A  |a 24  |w stu94223_0010 
996 |b 284M063457  |c M*11670-17  |l MMKN  |s A  |a 24  |w stu94223_0011 
996 |b 284M063458  |c M*11670-18  |l MMKN  |s A  |a 24  |w stu94223_0012 
996 |b 284M063459  |c M*11670-19  |l MMKN  |s A  |a 24  |w stu94223_0013 
996 |b 284M063460  |c M*11670-20  |l MMKN  |s A  |a 24  |w stu94223_0014 
996 |b 284M063461  |c M*11670-21  |l MMKN  |s A  |a 24  |w stu94223_0015 
996 |b 284M063462  |c M*11670-22  |l MMKN  |s A  |a 24  |w stu94223_0016 
996 |b 284M063463  |c M*11670-23  |l MMKN  |s A  |a 24  |w stu94223_0017 
996 |b 284M063445  |c M*11670-5  |l MMKN  |s A  |a 24  |w stu94223_0018 
996 |b 284M063446  |c M*11670-6  |l MMKN  |s A  |a 24  |w stu94223_0019 
996 |b 284M063444  |c M*11670-4  |l MMKN  |s A  |a 24  |w stu94223_0020 
996 |b 284M051930  |c M*11670-2  |l MMKN  |s A  |a 24  |w stu94223_0021 
996 |b 284M051931  |c M*11670-1  |l MMKN  |s A  |a 24  |w stu94223_0022 
996 |b 284M051929  |c M*11670-3  |l MMKN  |s A  |a 24  |w stu94223_0023